000 00530nam a2200169 a 4500
001 000022960
005 20200930021909.0
008 101123s1967 sp ac r 000 0 spa d
040 _aDO-SdBNP
_bspa
_cBNPHU
082 _a901
_bA951h
245 0 4 _aLa aventura humana :
_blas sociedades modernas /
_cPublicado bajo la dirección de Oliver Burgelin.
260 _aBarcelona :
_bSalvant,
_c1967.
300 _a221 p. :
_bil. ;
_c30 cm.
500 _aIncluye un índice de materia.
700 1 _aBurgelin, Oliver
_947215
049 _aBNGR
999 _c22457
_d22457